00857nam a2200265 i 4500001000300000003000400003005001700007008003900024015001700063020001500080040001400095080001700109080001200126100002300138245010400161250001700265260005900282300004700341490001700388655004200405650001700447700002700464710004600491830005400537bgBPK20200710133844.0970612s1990 pl a f |000 0 pol aPB 1991/4188 a8302043672 aWA NcBPK a621.791/.795 a(075.3)1 aHillar, JaneAutor10aSpawalnictwo :bpodręcznik dla zasadniczej szkoły zawodowej /cJan Hillar, Stanisław Jarmoszuk. aWyd. 8 popr. aWarszawa :bWydawnictwa Szkolne i Pedagogiczne,c1990. a426, [1] s. :bfot., rys., wykr. ;c21 cm.1 aTechnologia. 4aPodręczniki dla szkół zawodowych 4aSpawalnictwo1 aJarmoszuk, Stanisław.2 aWydawnictwa Szkolne i Pedagogiczne.4pbl. 0aTechnologia - Wydawnictwa Szkolne i Pedagogiczne.